[Event "Caro-Kann...or...can't? "]
[Site "SchemingMind.com"]
[Date "2022.11.01"]
[Round "-"]
[White "William Lindberg"]
[Black "Wojciech  Langer"]
[Result "1-0"]
[WhiteCountry "USA"]
[BlackCountry "INT"]
[WhiteElo "2459"]
[WhiteRD "71"]
[BlackElo "1624"]
[BlackRD "95"]
[GameID "727852"]

1. e4 c6 2. d4 d5 3. Nd2 e5 4. dxe5 dxe4 5. Qe2 Qc7 6. Nxe4 Be6 7. Ng5 Qe7 8. Nxe6 fxe6 9. Nf3 Qb4+ 10. c3 Qg4
11. Ng5 Qxe2+ 12. Bxe2 Nh6 13. Nxe6 Kd7 14. Bc4 b5 15. Bb3 Kc8 16. O-O a6 17. Rd1 Nd7 18. a4 Be7 19. Nxg7 Ng4 20. Be6 Rd8
21. Bxg4
1-0

[Event "Caro-Kann...or...can't? "]
[Site "SchemingMind.com"]
[Date "2022.10.27"]
[Round "-"]
[White "Clive Everill"]
[Black "William Lindberg"]
[Result "0-1"]
[WhiteCountry "CZE"]
[BlackCountry "USA"]
[WhiteElo "1715"]
[WhiteRD "59"]
[BlackElo "2459"]
[BlackRD "71"]
[GameID "727853"]

1. e4 c6 2. d4 d5 3. Nd2 dxe4 4. Nxe4 Nd7 5. c3 Ngf6 6. Nxf6+ Nxf6 7. Bd3 Bg4 8. Ne2 e6 9. h3 Bh5 10. Bg5 Qd5
11. Bxf6 gxf6 12. f3 O-O-O 13. Nf4 Qg5 14. Nxh5 Qxh5 15. Qe2 Qg5 16. b4 Bh6 17. a4 e5 18. O-O Qe3+ 19. Qxe3 Bxe3+ 20. Kh1 exd4
21. c4 h5 22. Rab1 h4 23. c5 Rh5 24. Rfd1 a5 25. b5 Rxc5 26. bxc6 bxc6 27. Rb6 Kd7 28. Rb7+ Ke6 29. Rdb1 Rc3 30. Be4 f5
31. Bxf5+ Kxf5 32. Rxf7+ Ke6 33. Rbb7 Rc1+ 34. Kh2 Bg1+ 35. Kh1 Bf2+
0-1

[Event "Caro-Kann...or...can't? "]
[Site "SchemingMind.com"]
[Date "2022.10.27"]
[Round "-"]
[White "William Lindberg"]
[Black "Clive Everill"]
[Result "1-0"]
[WhiteCountry "USA"]
[BlackCountry "CZE"]
[WhiteElo "2459"]
[WhiteRD "71"]
[BlackElo "1715"]
[BlackRD "59"]
[GameID "727854"]

1. e4 c6 2. d4 d5 3. Nd2 dxe4 4. Nxe4 Bf5 5. Ng3 Bg6 6. Nf3 Nd7 7. Bd3 e6 8. Bxg6 hxg6 9. O-O Ngf6 10. Bf4 Nd5
11. Bd2 Qc7 12. c4 N5f6 13. Qe2 Bd6 14. Rac1 Ng4 15. d5 O-O-O 16. dxc6 Qxc6 17. c5 Bc7 18. h3 Ngf6 19. Nd4 Qd5 20. Nb5 Nxc5
21. Rfd1 Nfd7 22. Be3 Qxd1+ 23. Qxd1 Ne5 24. Qc2 b6 25. Bxc5 bxc5 26. Qxc5
1-0

[Event "Caro-Kann...or...can't? "]
[Site "SchemingMind.com"]
[Date "2022.10.27"]
[Round "-"]
[White "Schaakmaatje"]
[Black "William Lindberg"]
[Result "0-1"]
[WhiteCountry "NED"]
[BlackCountry "USA"]
[WhiteElo "1989"]
[WhiteRD "140"]
[BlackElo "2459"]
[BlackRD "71"]
[GameID "727855"]

1. e4 c6 2. d4 d5 3. Nd2 dxe4 4. Nxe4 Bf5 5. Ng3 Bg6 6. Nf3 e6 7. Ne5 Nf6 8. Be2 Nbd7 9. Nxg6 hxg6 10. Qd3 Bd6
11. Bg5 Qb6 12. O-O-O O-O-O 13. c4 Qa5 14. Bxf6 Nxf6 15. Kb1 Rh4 16. Qd2 Qxd2 17. Rxd2 Bxg3 18. fxg3 Rhxd4 19. Rxd4 Rxd4 20. Rd1 Rxd1+
21. Bxd1 Ne4 22. Kc2 f5 23. Bf3 Nf6 24. h3 e5 25. Bd1 Ne4 26. g4 Kd7 27. Bf3 Ng3 28. b4 e4 29. Bd1 Ke6 30. Kc3 Ke5
31. a3 f4 32. a4 Nf1
0-1

[Event "Caro-Kann...or...can't? "]
[Site "SchemingMind.com"]
[Date "2022.10.27"]
[Round "-"]
[White "William Lindberg"]
[Black "Schaakmaatje"]
[Result "1-0"]
[WhiteCountry "USA"]
[BlackCountry "NED"]
[WhiteElo "2459"]
[WhiteRD "71"]
[BlackElo "1989"]
[BlackRD "140"]
[GameID "727856"]

1. e4 c6 2. d4 d5 3. Nd2 dxe4 4. Nxe4 Bf5 5. Ng3 Bg6 6. Nf3 Nd7 7. Bd3 Bxd3 8. Qxd3 Ngf6 9. O-O e6 10. Re1 Be7
11. c4 O-O 12. Bf4 h6 13. Rad1 Qa5 14. a3 c5 15. d5 e5 16. Bxh6 gxh6 17. Nf5
1-0

[Event "Caro-Kann...or...can't? "]
[Site "SchemingMind.com"]
[Date "2022.11.01"]
[Round "-"]
[White "William Lindberg"]
[Black "John Hamer"]
[Result "1-0"]
[WhiteCountry "USA"]
[BlackCountry "ENG"]
[WhiteElo "2459"]
[WhiteRD "71"]
[BlackElo "1844"]
[BlackRD "73"]
[GameID "727858"]

1. e4 c6 2. d4 d5 3. Nd2 dxe4 4. Nxe4 Bf5 5. Ng3 Bg6 6. Nf3 Nd7 7. Bd3 Bxd3 8. Qxd3 Ngf6 9. O-O e6 10. Bf4 Be7
11. c4 O-O 12. a3 Re8 13. Rad1 h6 14. Rfe1 Rc8 15. Ne5 Nb6 16. Qb3 Qc7 17. Qf3 g5 18. Bd2 Rcd8 19. Ba5 Qc8 20. Bxb6 axb6=
21. Nh5 Rf8 22. Nxf6+
1-0

[Event "Caro-Kann...or...can't? "]
[Site "SchemingMind.com"]
[Date "2022.11.01"]
[Round "-"]
[White "William Lindberg"]
[Black "David Perna-Fraser"]
[Result "1-0"]
[WhiteCountry "USA"]
[BlackCountry "CAN"]
[WhiteElo "2432"]
[WhiteRD "68"]
[BlackElo "2070"]
[BlackRD "78"]
[GameID "727859"]

1. e4 c6 2. d4 d5 3. Nd2 g6 4. Ngf3 Bg7 5. Bd3 Nf6 6. e5 Ng8 7. O-O Nh6 8. Nb3 O-O 9. Bf4 Bg4 10. Qd2 Bxf3
11. gxf3 Nf5 12. Bxf5 gxf5 13. Kh1 Kh8 14. Rg1 Rg8 15. Rg3 Bf8 16. Rxg8+ Kxg8 17. Rg1+ Kh8 18. Nc5 Qc8 19. Bh6 Na6 20. Nd7 Qxd7
21. Bxf8 Rxf8 22. Qg5 Rg8 23. Qxg8#
1-0

[Event "Caro-Kann...or...can't? "]
[Site "SchemingMind.com"]
[Date "2022.11.01"]
[Round "-"]
[White "David Perna-Fraser"]
[Black "William Lindberg"]
[Result "0-1"]
[WhiteCountry "CAN"]
[BlackCountry "USA"]
[WhiteElo "2018"]
[WhiteRD "77"]
[BlackElo "2398"]
[BlackRD "65"]
[GameID "727860"]

1. e4 c6 2. d4 d5 3. Nd2 dxe4 4. Nxe4 Nf6 5. Nxf6+ exf6 6. Bc4 Bd6 7. Nf3 O-O 8. O-O Bg4 9. h3 Bh5 10. Bd3 Re8
11. Be3 Nd7 12. c3 Nf8 13. Re1 Qd7 14. Be2 Bc7 15. Qb3 Qd6 16. Kf1 Rab8 17. d5 c5 18. c4 Ba5 19. Red1 Bc7 20. Re1 Ba5
21. Red1 Bc7 22. Re1 g5 23. Bd2 h6 24. g4 Bg6 25. Bd3 b5 26. Rxe8 Rxe8 27. cxb5 Qd7 28. Re1 Rd8 29. Kg1 Kg7 30. Bc4 h5
31. Qc3 Nh7 32. Nh2 Rh8 33. f3 Bg3 34. Re2 Qd6 35. Nf1 hxg4 36. hxg4 Be5 37. Qa5 Bd4+ 38. Kg2 f5 39. Qxa7 fxg4 40. Re6 Qd8
0-1

[Event "Caro-Kann...or...can't? "]
[Site "SchemingMind.com"]
[Date "2022.10.28"]
[Round "-"]
[White "William Lindberg"]
[Black "witkatz"]
[Result "1-0"]
[WhiteCountry "USA"]
[BlackCountry "GER"]
[WhiteElo "2459"]
[WhiteRD "71"]
[BlackElo "1807"]
[BlackRD "71"]
[GameID "727861"]

1. e4 c6 2. d4 d5 3. Nd2 dxe4 4. Nxe4 Nd7 5. Nf3 Ngf6 6. Nxf6+ Nxf6 7. Bd3 Bg4 8. c3 e6 9. O-O Qc7 10. h3 Bh5
11. Qe2 Bd6 12. Re1 O-O 13. c4 b6 14. g4 Bg6 15. Bxg6 hxg6 16. Be3 c5 17. dxc5 Bxc5 18. Bxc5 Qxc5 19. b3 Rfe8 20. Rad1 a6
21. Ne5 Red8 22. Qf3 Rxd1 23. Qxa8+
1-0

[Event "Caro-Kann...or...can't? "]
[Site "SchemingMind.com"]
[Date "2022.10.28"]
[Round "-"]
[White "witkatz"]
[Black "William Lindberg"]
[Result "0-1"]
[WhiteCountry "GER"]
[BlackCountry "USA"]
[WhiteElo "1807"]
[WhiteRD "71"]
[BlackElo "2459"]
[BlackRD "71"]
[GameID "727862"]

1. e4 c6 2. d4 d5 3. Nd2 dxe4 4. Nxe4 Bf5 5. Ng3 Bg6 6. Nf3 Nf6 7. Ne5 Nbd7 8. Nxg6 hxg6 9. Bd3 e5 10. c3 exd4
11. cxd4 Bb4+ 12. Bd2 Qa5 13. Qe2+ Kf8 14. a3 Bxd2+ 15. Qxd2 Re8+ 16. Ne2 Qxd2+ 17. Kxd2 Ng4 18. h3 Nxf2 19. Rhe1 Nxd3 20. Kxd3 Rd8
21. Nf4 g5 22. Ne2 Rh4 23. Ng3 Nc5+ 24. Kc4 Rdxd4+
0-1